003320000a22001330004500020001500000060000800015082002000023100001600043245002300059260005200082260000900134300000800143650004700151 a8120407458 a100 a595.7740954 KAP aKapoor, V C aIndian fruit flies aNewdelhi, Oxford & IBH publishing co. pvt. ltd. c1993 a228 aFruit flies- india/ taxonomy/ zoogeogsaphy